Fluid Mechanics (Record no. 5627)

MARC details
000 -LEADER
fixed length control field 00293nam a2200133Ia 4500
008 - FIXED-LENGTH DATA ELEMENTS--GENERAL INFORMATION
fixed length control field 191201s2013 xx 000 0 und d
100 ## - MAIN ENTRY--PERSONAL NAME
Personal name CENGEL, Y A
245 #0 - TITLE STATEMENT
Title Fluid Mechanics
250 ## - EDITION STATEMENT
Edition statement Rep
260 ## - PUBLICATION, DISTRIBUTION, ETC. (IMPRINT)
Place of publication, distribution, etc N. Delhi
Name of publisher, distributor, etc TMH
Date of publication, distribution, etc 2013
300 ## - PHYSICAL DESCRIPTION
Extent 980
650 ## - SUBJECT ADDED ENTRY--TOPICAL TERM
Topical term or geographic name as entry element B.Tech(ME)
942 ## - ADDED ENTRY ELEMENTS (KOHA)
Source of classification or shelving scheme Dewey Decimal Classification
Koha item type Text Books
Holdings
Withdrawn status Lost status Source of classification or shelving scheme Damaged status Not for loan Collection code Home library Current library Date acquired Source of acquisition Cost, normal purchase price Bill Number Total Checkouts Full call number Acc. no. / Barcode Date last seen Bill Date Koha item type Checked out Date last borrowed
    Dewey Decimal Classification     B.Tech(ME) PIET C-LIBRARY PIET C-LIBRARY 08/05/2013 IBH, New Delhi 575.00 1014   620.106 CEF 21721 04/12/2019 06/05/2013 Text Books    
    Dewey Decimal Classification     B.Tech(ME) PIET C-LIBRARY PIET C-LIBRARY 08/05/2013 IBH, New Delhi 575.00 1014 1   21722 05/12/2020 06/05/2013 Text Books 03/06/2021 05/12/2020
    Dewey Decimal Classification     B.Tech(ME) PIET C-LIBRARY PIET C-LIBRARY 08/05/2013 IBH, New Delhi 575.00 1014   620.106 CEF 21723 04/12/2019 06/05/2013 Text Books    
    Dewey Decimal Classification     B.Tech(ME) PIET C-LIBRARY PIET C-LIBRARY 08/05/2013 IBH, New Delhi 575.00 1014   620.106 CEF 21724 04/12/2019 06/05/2013 Text Books    
    Dewey Decimal Classification     B.Tech(ME) PIET C-LIBRARY PIET C-LIBRARY 08/05/2013 IBH, New Delhi 575.00 1014 1 620.106 CEF 21725 25/04/2022 06/05/2013 Text Books   21/04/2022

Design & Developed by: PIET Central Library
R70 Miles Stone Pattikalyana Samalkha Panipat 132102
mail ID :- [email protected], Phone No:- 0180-2569700 Ex.216